<?xml version="1.0" encoding="UTF-8"?><?xml-stylesheet type="text/xsl" href="static/style.xsl"?><OAI-PMH xmlns="http://www.openarchives.org/OAI/2.0/" xmlns:xsi="http://www.w3.org/2001/XMLSchema-instance" xsi:schemaLocation="http://www.openarchives.org/OAI/2.0/ http://www.openarchives.org/OAI/2.0/OAI-PMH.xsd"><responseDate>2026-04-30T05:16:12Z</responseDate><request verb="GetRecord" identifier="oai:uvadoc.uva.es:10324/55745" metadataPrefix="marc">https://uvadoc.uva.es/oai/request</request><GetRecord><record><header><identifier>oai:uvadoc.uva.es:10324/55745</identifier><datestamp>2022-09-30T19:00:28Z</datestamp><setSpec>com_10324_971</setSpec><setSpec>com_10324_931</setSpec><setSpec>com_10324_894</setSpec><setSpec>col_10324_972</setSpec></header><metadata><record xmlns="http://www.loc.gov/MARC21/slim" xmlns:doc="http://www.lyncode.com/xoai" xmlns:xsi="http://www.w3.org/2001/XMLSchema-instance" xmlns:dcterms="http://purl.org/dc/terms/" xsi:schemaLocation="http://www.loc.gov/MARC21/slim http://www.loc.gov/standards/marcxml/schema/MARC21slim.xsd">
<leader>00925njm 22002777a 4500</leader>
<datafield tag="042" ind1=" " ind2=" ">
<subfield code="a">dc</subfield>
</datafield>
<datafield tag="720" ind1=" " ind2=" ">
<subfield code="a">Cano González, Rufino</subfield>
<subfield code="e">author</subfield>
</datafield>
<datafield tag="720" ind1=" " ind2=" ">
<subfield code="a">Pedro, Ana Paula da Silveira Simões</subfield>
<subfield code="e">author</subfield>
</datafield>
<datafield tag="260" ind1=" " ind2=" ">
<subfield code="c">2008</subfield>
</datafield>
<datafield tag="520" ind1=" " ind2=" ">
<subfield code="a">La Universidad de Valladolid, a través del Vicerrectorado de Calidad e Innovación Educativa y, previsiblemente, el Departamento de Ciencias de la Educación de la Universidad de Aveiro (Portugal), se ha propuesto llevar a cabo una serie de acciones específicas que, en la práctica, se han de concretar en una serie de Planes de Innovación Docente en el marco del EEES para la mejora de la calidad de la enseñanza entre los que, sin duda, se encuentra el que es objeto de atención en este artículo: un “Plan de Acción Tutorial Universitaria”, mediante la creación y consolidación de grupos de acción tutorial con estudiantes de primer curso de carrera. El objetivo no es otro que la función de la Tutoría Universitaria “se amplíe hacia otros aspectos relativos al desarrollo integral del alumno en su paso por la Universidad”. Es por ello que un grupo de profesores con docencia en la Diplomatura del Título de Maestro en Educación Primaria hemos decidido recoger la propuesta y hacerla extensible a otros compañeros con la intención de diseñar un programa de intervención, de marcado carácter experimental, previo cumplimiento de una serie de requisitos formales acompañados del visto bueno del Decanato de la Facultad de Educación y Trabajo Social, lugar elegido para su próxima y experimental aplicación.</subfield>
</datafield>
<datafield tag="520" ind1=" " ind2=" ">
<subfield code="a">Valladolid University, through the vice-rectory of Quality and Educational Innovation and probably, the Department of Educational Science in Aveiro University (Portugal), have proposed carrying out a series of specific actions which, in practise, must be specified in a series of Innovative Teaching Plans within the&#xd;
Framework of EEES for the improvement of teaching quality which we can find in this article: a “University Tutorial Plan of Action” through the creation and consolidation of tutorial action groups with first year degree students. The objective is none other than the function of University Tutorials “it includes other aspects relative to the integral development of students while at University”. For this reason a group of professors who teach Diploma Qualifications for Primary School Teachers have decided to take on board the proposal and extend it to other colleagues with the intention of designing an intervention programme, with a marked experimental character, and a preliminary fulfilment of a series of formal requirements accompanied by the approval of the Dean’s Department of the Faculty of Education and Social Work, the place chosen for the next experimental application.</subfield>
</datafield>
<datafield tag="024" ind2=" " ind1="8">
<subfield code="a">Contextos educativos: Revista de educación, Nº 11, 2008, págs. 161-179</subfield>
</datafield>
<datafield tag="024" ind2=" " ind1="8">
<subfield code="a">1575-023X</subfield>
</datafield>
<datafield tag="024" ind2=" " ind1="8">
<subfield code="a">https://uvadoc.uva.es/handle/10324/55745</subfield>
</datafield>
<datafield tag="024" ind2=" " ind1="8">
<subfield code="a">10.18172/con.601</subfield>
</datafield>
<datafield tag="024" ind2=" " ind1="8">
<subfield code="a">161</subfield>
</datafield>
<datafield tag="024" ind2=" " ind1="8">
<subfield code="a">11</subfield>
</datafield>
<datafield tag="024" ind2=" " ind1="8">
<subfield code="a">179</subfield>
</datafield>
<datafield tag="024" ind2=" " ind1="8">
<subfield code="a">Contextos Educativos. Revista de Educación</subfield>
</datafield>
<datafield tag="024" ind2=" " ind1="8">
<subfield code="a">1695-5714</subfield>
</datafield>
<datafield ind1=" " ind2=" " tag="653">
<subfield code="a">Espacio Europeo de Educación Superior</subfield>
</datafield>
<datafield ind1=" " ind2=" " tag="653">
<subfield code="a">Tutores y tutoría (Educación)</subfield>
</datafield>
<datafield ind1=" " ind2=" " tag="653">
<subfield code="a">Orientación pedagógica</subfield>
</datafield>
<datafield ind1=" " ind2=" " tag="653">
<subfield code="a">Enseñanza - Innovaciones</subfield>
</datafield>
<datafield ind1=" " ind2=" " tag="653">
<subfield code="a">Universidades - Calidad</subfield>
</datafield>
<datafield ind1=" " ind2=" " tag="653">
<subfield code="a">Estudiantes universitarios</subfield>
</datafield>
<datafield tag="245" ind1="0" ind2="0">
<subfield code="a">Programa Orienta : plan de acción tutorial universitaria para estudiantes de primer curso</subfield>
</datafield>
</record></metadata></record></GetRecord></OAI-PMH>